000 01669nam a2200361 a 4500
001 000048050
003 DO-SdBNP
005 20260129080243.0
008 181112s2017 dr ac 000 0 spa d
020 _a9789945905250
040 _aDO-SdBNP
_bspa
_cBPMSU
082 4 _a305.4098
_b E56i 2017
_222
111 2 _aEncuentro Iberoamericano de Justicia Constitucional con Perspectiva de Género
_n(2 :
_d2017 : mar. 18-20 :
_cSanto Domingo)
245 1 0 _aII Encuentro internacional de justicia constitucional con perspectiva de género /
_cpresentación Milton Ray Guevara ; coordinadora Leyda Margarita Piña Medrano ; edición Leonor Tejada.
246 1 3 _aSegundo Encuentro internacional justicia constitucional con perspectiva de género
260 _aSanto Domingo :
_bTribunal Constitucional de la República Dominicana,
_c2017.
300 _a321 p. :
_bil. ;
_c25 cm.
500 _aIncluye referencias bibliográficas y notas al pie de las páginas
518 _a
590 _aInventariado, 2024/VM
650 4 _aMujeres y derecho
_vEnsayos, conferencias, etc..
_4
650 4 _aDerecho de familia
_vEnsayos, conferencias, etc.
650 4 _aDescriminación sexual contra la mujer
_vEnsayos, conferencias, etc
650 4 _aMujeres víctimas de la violencia
_xLegislación
650 4 _aMujeres
_xCondiciones sociales
_zAmérica Latina
700 1 _aPiña Medrano, Leyda Margarita
_ecoordinadora
700 1 _aMilton Ray Guevara
_d1948-
_epresentación
700 1 _aTejada, Leonor,
_eedición
700 z _a Ray Guevara, Milton
_d1948-
700 z _aGuevara, Milton L. Ray,‏
_d1948-
910 _aVMateo V. Control de calidad. BPMSU
942 _2ddc
_cBK
999 _c14797
_d14797